| 000 | 00811cam a22002893a 4500 | ||
|---|---|---|---|
| 001 | 2370 | ||
| 003 | PGUSA | ||
| 005 | 20140828083014.0 | ||
| 008 | 001001s2000||||xxu|||||s|||||000 1 eng d | ||
| 040 |
_aPGUSA _beng |
||
| 042 | _adc | ||
| 050 | 4 | _aPR | |
| 100 | 1 |
_aMacDonald, George, _d1824-1905 |
|
| 245 | 1 | 0 |
_aSir Gibbie _h[electronic resource] / _cGeorge MacDonald |
| 260 |
_bProject Gutenberg, _c2000 |
||
| 506 | _aPublic domain in the USA. | ||
| 516 | _aElectronic text | ||
| 653 | _aBoys -- Fiction | ||
| 653 | _aChild witnesses -- Fiction | ||
| 653 | _aOrphans -- Fiction | ||
| 653 | _aMute persons -- Fiction | ||
| 653 | _aHighlands (Scotland) -- Fiction | ||
| 653 | _aBildungsromans | ||
| 830 | 0 |
_aProject Gutenberg _v2370 |
|
| 856 | 4 | 0 | _uhttp://www.gutenberg.org/ebooks/2370 |
| 942 | _cEB | ||
| 999 |
_c231707 _d231707 |
||